000 01003nam a2200301 ib4500
001 C2-0338730
003 PPAK
005 20200715141850.0
008 161116s2015 my ao j | 0 bmay d
020 _a9789674303204
_qpaperback
040 _aPPAK
_beng
_cPPAK
_erda
082 0 4 _a796.343092
_223
090 0 0 _a796.092
_bIND
_dK
090 2 0 _a796.343092
_bIND
_dK
100 1 _aIndovina, Shaina,
_d1988-
_eauthor.
245 1 0 _aNicol David /
_cSHAINA INDOVINO ; Penterjemah Nurul Nadia Haron
264 1 _aKuala Lumpur :
_bInstitut Terjemahan & Buku Malaysia Berhad ,
_c2015
300 _a30 pages :
_bcolour illustrations, colour photographs ;
_c28 cm
336 _2rdacontent
_atext
337 _2rdamedia
_aunmediated
338 _2rdacarrier
_avolume
490 1 _aJAGUH ATLET MALAYSIA
600 1 0 _aDavid, Nicol Ann,
_cDatuk,
_d1983-
650 1 0 _aSquash players
_vBiography
_zMalaysia
700 0 _aNurul Nadia Haron,
_etranslator.
830 0 _aJaguh atlet Malaysia
942 _cB
_2ddc
999 _c136023
_d136023